Manual de psicooncología : (Registro nro. 63071)

Detalles MARC
000 -LEADER
campo de control de longitud fija 02662cam a22003974i 4500
003 - IDENTIFICADOR DE NÚMERO DE CONTROL
campo de control PE-LiUPU
005 - FECHA Y HORA DE LA ÚLTIMA TRANSACCIÓN
campo de control 20250925092600.0
008 - DATOS DE LONGITUD FIJA--INFORMACIÓN GENERAL
campo de control de longitud fija 202301s2023 sp a rb 000 0 spa d
020 ## - NÚMERO INTERNACIONAL ESTÁNDAR DEL LIBRO
Número Internacional Estándar del Libro 9788436829907
035 ## - NÚMERO DE CONTROL DEL SISTEMA
Número de control de sistema PE-LiUPU000028
040 ## - FUENTE DE CATALOGACIÓN
Centro catalogador/agencia de origen PE-LiUPU
Lengua de catalogación spa
Centro/agencia transcriptor PE-LiUPU
Normas de descripción rda
082 04 - NÚMERO DE LA CLASIFICACIÓN DECIMAL DEWEY
Número de clasificación 616.994065
Cutter C957m
Número de edición 23
100 ## - ENTRADA PRINCIPAL--NOMBRE DE PERSONA
Nombre de persona Cruzado Rodríguez, Juan Antonio,
Término indicativo de función/relación coordinador.
9 (RLIN) 6975
245 10 - MENCIÓN DEL TÍTULO
Título Manual de psicooncología :
Resto del título tratamientos psicológicos en pacientes con cáncer /
Mención de responsabilidad, etc. por Juan Antonio Cruzado Rodríguez.
264 #1 - PRODUCCIÓN, PUBLICACIÓN, DISTRIBUCIÓN, FABRICACIÓN Y COPYRIGHT
Producción, publicación, distribución, fabricación y copyright Madrid :
Nombre del de productor, editor, distribuidor, fabricante Ediciones Pirámide,
Fecha de producción, publicación, distribución, fabricación o copyright 2023.
300 ## - DESCRIPCIÓN FÍSICA
Extensión 358 páginas :
Otras características físicas ilustraciones ;
Dimensiones 24 cm
336 ## - TIPO DE CONTENIDO
Término de tipo de contenido text
Fuente rdacontent
337 ## - TIPO DE MEDIO
Nombre/término del tipo de medio unmediated
Fuente rdamedia
338 ## - TIPO DE SOPORTE
Nombre/término del tipo de soporte volume
Fuente rdacarrier
490 1# - MENCIÓN DE SERIE
Mención de serie Colección Psicología
504 ## - NOTA DE BIBLIOGRAFÍA, ETC.
Nota de bibliografía, etc. Incluye bibliografía al final de cada capítulo.
505 0# - NOTA DE CONTENIDO CON FORMATO
Nota de contenido con formato Evaluación psicológica en pacientes con cáncer -- La comunicación y counselling en psicooncología: el encuentro con el paciente oncológico -- Intervención psicoeducativa con pacientes con cáncer -- Técnicas de relajación -- Terapia de exposición -- El uso de la hipnosis en el paciente oncológico -- Terapias cognitivo-conductuales -- Entrenamiento en inoculación de estrés -- Terapia narrativa basada en atención plena para la depresión en oncología -- Mindfulness en el campo de la oncología -- Terapia de aceptación y compromiso (ACT) aplicada a pacientes con cáncer -- Sexualidad y cáncer psicooncológico-- Intervención para mejorar la intimidad en pacientes con cáncer y sus parejas -- Terapia grupal en oncología -- Tratamiento del duelo.
520 ## - RESUMEN, ETC.
Sumario, etc. Manual integral sobre el abordaje psicológico de pacientes con cáncer. Presenta herramientas para la evaluación, diagnóstico y tratamiento desde múltiples enfoques: cognitivo-conductual, humanista, mindfulness, ACT e intervención familiar. Incluye estudios de caso y protocolos prácticos para profesionales de la salud mental.
650 14 - PUNTO DE ACCESO ADICIONAL DE MATERIA--TÉRMINO DE MATERIA
Término de materia o nombre geográfico como elemento de entrada Psicooncología.
9 (RLIN) 5615
650 24 - PUNTO DE ACCESO ADICIONAL DE MATERIA--TÉRMINO DE MATERIA
Término de materia o nombre geográfico como elemento de entrada Cáncer
Subdivisión general Psicoterapia.
9 (RLIN) 6976
650 24 - PUNTO DE ACCESO ADICIONAL DE MATERIA--TÉRMINO DE MATERIA
Término de materia o nombre geográfico como elemento de entrada Psicología de la salud.
9 (RLIN) 5625
650 24 - PUNTO DE ACCESO ADICIONAL DE MATERIA--TÉRMINO DE MATERIA
Término de materia o nombre geográfico como elemento de entrada Pacientes con cáncer
Subdivisión general Atención psicológica.
9 (RLIN) 6970
700 ## - ENTRADA AGREGADA--NOMBRE PERSONAL
Nombre de persona Barreto Martín, Pilar,
Término indicativo de función/relación contribuyente.
9 (RLIN) 6977
700 ## - ENTRADA AGREGADA--NOMBRE PERSONAL
Nombre de persona Myers, Shannon,
Término indicativo de función/relación contribuyente.
9 (RLIN) 6978
700 ## - ENTRADA AGREGADA--NOMBRE PERSONAL
Nombre de persona Bayón Pérez, Carmen,
Término indicativo de función/relación contribuyente.
9 (RLIN) 6979
700 ## - ENTRADA AGREGADA--NOMBRE PERSONAL
Nombre de persona Rodríguez-Vega, Beatriz,
Término indicativo de función/relación contribuyente.
9 (RLIN) 6980
710 ## - ENTRADA AGREGADA--NOMBRE DE ENTIDAD CORPORATIVA
Nombre de entidad corporativa o nombre de jurisdicción como elemento de entrada Ediciones Pirámide,
Término indicativo de función/relación editor.
9 (RLIN) 5457
856 40 - LOCALIZACIÓN Y ACCESO ELECTRÓNICOS
Identificador Uniforme de Recursos <a href="https://www.edicionespiramide.es">https://www.edicionespiramide.es</a>
Nota pública Sitio web de la editorial.
942 ## - ELEMENTOS DE ENTRADA SECUNDARIOS (KOHA)
Fuente del sistema de clasificación o colocación Clasificación Decimal Dewey
Tipo de ítem Koha Libros físicos
980 ## - EQUIVALENCIA O REFERENCIA-CRUZADA-MENCIÓN DE SERIE--NOMBRE DE PERSONA/TÍTULO [LOCAL, CANADÁ]
ID del usuario creador del registro 21515
Nombre del creador del registro ROMINA COBOS Adquisiciones
ID del último usuario que modificó el registro 18226
Nombre del último usuario que modificó el registro Jaime Vilcazán Jefe de Análisis Documental
Existencias
Visto por última vez Total de préstamos Signatura topográfica completa Código de barras Copia número Coste, precio de reemplazo Fecha de reemplazo Facultad Tipo de ítem Koha Estado de pérdida Fuente del sistema de clasificación o colocación Restricciones de uso No para préstamo Colección Programa académico Biblioteca de origen Biblioteca actual Ubicación en estantería Fecha de adquisición Fuente de adquisición Coste, precio normal de compra
2025-12-03   616.994065 C957m 82761 e1 65.00 2025-09-24 FSALUD Libros físicos No Perdido Clasificación Decimal Dewey No restringido Disponible para préstamos Colección General Psicología Biblioteca CRAI UPeU Lima Biblioteca CRAI UPeU Lima Sala principal 2025-09-19 COMPRA 60.00